| 000 | 00411nam a2200157Ia 4500 | ||
|---|---|---|---|
| 008 | 230312s9999||||xx |||||||||||||| ||und|| | ||
| 020 | _a8121929636 | ||
| 082 |
_a621.37 _bRAJ-E |
||
| 100 | _aR,K.Rajput | ||
| 245 | 0 | _aElectrical Measuring Instruments | |
| 260 |
_bS.Chand & Company Ltd _aIndia _c2000 |
||
| 300 | _a741 | ||
| 546 | _aEng. | ||
| 650 |
_aEngineering _vUnits, Dimensions and Standards |
||
| 942 | _cBK | ||
| 999 |
_c6256 _d6256 |
||